Регионална библиотека "Любен Каравелов" - Русе

Зог и летящите лекари (Запис номер 439899)

MARC детайли
000 -Лидер
Контролно поле с фиксирана дължина 01296nam a2200301 a 4500
003 - Код на организацията, давaща контролен номер
Контролно поле BLK
005 - Дата и час на последна редакция
Контролно поле 20250618121312.0
008 - Елементи от данни с фиксирана дължина
fixed length control field 211213b bul|||||r ||||||| ||bul||
020 ## - Международен стандартен номер на книга ISBN
Международен стандартен номер на книга ISBN 9786191866533
040 ## - Източник на каталожния запис
Идентификатор на билиотеката - собственик на записа BLK
041 ## - Код за език
Код за езика на текст/звукозапис или на отделно заглавие Български
Код за езика КДБФ Български
080 ## - УДК
Текстов определител УДК Английска литература
УДК код - определител по УДК 821.111
УДК определител -93-1
УДК - код + определител 821.111-93-1
100 ## - Редна дума - Автор
R(LIN) 386662
Автор Доналдсън, Джулия
Авторска отговорност първи автор
139 ## - Редно поле
Редна дума Доналдсън, Джулия
Авторски знак Дон - Д 77
245 10 - Сведения за заглавието
Заглавие Зог и летящите лекари
Редно поле (дума) Джулия Доналдсън ; ил. Аксел Шефлър ; прев. Мария Донева.
257 ## - Страна на издаване
Страна на създаване/издаване Великобритания
260 ## - Област на издателските данни
Място на издаване, разпространение и проч. Пловдив
Име на издателя, разпространителя и проч. Жанет 45
Година на издаване 2021
Печатница (отпеч. в Сингапур)
300 ## - Физическа характеристика
Страници 32 с.
Илюстрации и др. с цв. ил.
Размери/Мащаб 26x29 см
380 ## - Жанр
Жанр Детска худож. лит.
500 ## - Общи забележки
Забележка Без данни за ориг. загл. - Пълната форма на името на прев. Мария Донева е Мария Донева Петрова.
700 1# - Други автори (авторска отговорност)
Лично име Шефлър, Аксел
Автороска отговорност (Описва отношението между автора и произведението) ил.
9 (RLIN) 143299
700 ## - Други автори (авторска отговорност)
Лично име Донева, Мария
Автороска отговорност (Описва отношението между автора и произведението) прев. от англ.
9 (RLIN) 243036
852 ## - Местоположение
Фондова буква Детски отдел
Систематично-азбучна сигнатура 821-93/Д 77 Д
852 ## - Местоположение
Форматна сигнатура Цб ІІ 30844
Фондова буква Хранилище
999 ## - СИСТЕМНИ КОНТРОЛНИ НОМЕРА
Koha biblionumber 439899
Koha biblioitemnumber 439899
942 ## - АРТИКУЛИ
Вид на библиотечния материал Книги
Скрит в OPAC Не
Koha issues (borrowed), all copies 109
Периодичен библиозапис Да
944 ## - СЪЗДАВАНЕ И РЕДАКЦИЯ на ЗАПИСА
Създаване/Редакция Редакция
Дата на регистрацията/редакция 2022-05-11
Служител, извършил регистрацията/редакцията 30543
Статус, дата на статуса Ива Цветкова
999 ## - СИСТЕМНИ КОНТРОЛНИ НОМЕРА
Koha biblioitemnumber 439899
Наличности
Код за отписване Код за изгубен артикул Източник на класификационната схема Код за повреда Коз за рестрикции Код за отдаване Артикулен № Име на библиотеката - собственик Име на библиотеката, в която се намира в момента Статус (Текущо местоположение) Дата на вписване в системата Местоположение - отдел Цена в лева Систематично азбучна сигнатура Баркод Цена в евро Служебен тип на артикула
  Не е изгубен Universal Decimal Classification Не е повреден без рестрикции заемане за дома 865623 Регионална библиотека "Любен Каравелов" Русе Регионална библиотека "Любен Каравелов" Русе Детски отдел 2021-12-17 Детски отдел 15.00 821-93/Д 77 Д 120000863267 7.67 Книги
  Не е изгубен Universal Decimal Classification Не е повреден без рестрикции заемане за дома 865624 Регионална библиотека "Любен Каравелов" Русе Регионална библиотека "Любен Каравелов" Русе Детски отдел 2021-12-17 Детски отдел 15.00 821-93/Д 77 Д 120000863266 7.67 Книги
  Не е изгубен Universal Decimal Classification Не е повреден само за читалня ползва се в читалня 883757 Регионална библиотека "Любен Каравелов" Русе Регионална библиотека "Любен Каравелов" Русе Хранилище 2022-05-12 Хранилище 20.00 Цб ІІ 30844 120000871908 10.23 Книги
Vip Innovations Ltd, Rousse, Bulgaria 2025